Statistics for Države koje su EU članice

Click here to take the quiz!

General Stats

  • This quiz has been taken 407 times
  • The average score is 22 of 27

Answer Stats

Godina članstvaDržava% Correct
1957Nemačka
97%
1957Francuska
96%
2013Hrvatska
96%
1957Italija
93%
1986Španija
93%
2007Rumunija
89%
2004Slovačka
89%
1957Belgija
88%
2007Bugarska
88%
1981Grčka
88%
2004Slovenija
88%
1995Švedska
88%
2004Češka
87%
1995Austrija
86%
1957Holandija
86%
2004Poljska
86%
1973Danska
85%
1995Finska
84%
2004Litvanija
79%
2004Estonija
77%
1957Luksemburg
77%
2004Letonija
76%
2004Madjarska
75%
1973Irska
73%
2004Malta
59%
1986Portugalija
56%
2004Kipar
52%

Score Distribution

Percentile by Number Answered

Percent of People with Each Score

Your Score History

You have not taken this quiz